Consideraciones para el debate de las drogas en la República Argentina / (Registro nro. 6433)
[ vista simple ]
| 000 -LEADER | |
|---|---|
| fixed length control field | 01492nab a22002777a 4500 |
| 003 - CONTROL NUMBER IDENTIFIER | |
| control field | OSt |
| 005 - DATE AND TIME OF LATEST TRANSACTION | |
| control field | 20260203093329.0 |
| 008 - FIXED-LENGTH DATA ELEMENTS--GENERAL INFORMATION | |
| fixed length control field | 190429b xxu||||| |||| 00| 0 spa d |
| 040 ## - CATALOGING SOURCE | |
| Transcribing agency | PJ |
| 100 ## - MAIN ENTRY--PERSONAL NAME | |
| 9 (RLIN) | 7060 |
| Personal name | Cavallo Augé, Franco |
| 245 10 - TITLE STATEMENT | |
| Title | Consideraciones para el debate de las drogas en la República Argentina / |
| Statement of responsibility, etc | Franco Cavallo Augé. |
| 260 ## - PUBLICATION, DISTRIBUTION, ETC. (IMPRINT) | |
| Date of publication, distribution, etc | Ciudad Autónoma de Buenos Aires : |
| Place of publication, distribution, etc | Thomson Reuters La Ley, |
| Name of publisher, distributor, etc | 2023. |
| 300 ## - PHYSICAL DESCRIPTION | |
| Extent | p. 11-26 |
| 500 ## - GENERAL NOTE | |
| General note | Cita Online: AR/DOC/2681/2023. |
| 505 ## - FORMATTED CONTENTS NOTE | |
| Formatted contents note | Sumario: I. Introducción.— II. Relato preliminar: la utilización de sustancias y los orígenes de su prohibición.— III. Breve reseña histórica de la prohibición en la República Argentina.— IV. Régimen Penal de Estupefacientes: regulación actual y sus principales problemáticas.— V. ¿Qué podemos aprender de la normativa española?— VI. Reflexiones finales.— VII. Bibliografía consultada.<br/><br/> |
| 505 ## - FORMATTED CONTENTS NOTE | |
| Title | Si te interesa el texto completo, solicitalo a koha@justierradelfuego.gov.ar |
| 650 #0 - SUBJECT ADDED ENTRY--TOPICAL TERM | |
| 9 (RLIN) | 343 |
| Topical term or geographic name as entry element | DERECHO PENAL |
| 650 #0 - SUBJECT ADDED ENTRY--TOPICAL TERM | |
| 9 (RLIN) | 2870 |
| Topical term or geographic name as entry element | ESTUPEFACIENTES |
| 650 #0 - SUBJECT ADDED ENTRY--TOPICAL TERM | |
| 9 (RLIN) | 766 |
| Topical term or geographic name as entry element | CONSTITUCION NACIONAL |
| 650 #0 - SUBJECT ADDED ENTRY--TOPICAL TERM | |
| 9 (RLIN) | 179 |
| Topical term or geographic name as entry element | GARANTIAS CONSTITUCIONALES › |
| 650 #0 - SUBJECT ADDED ENTRY--TOPICAL TERM | |
| 9 (RLIN) | 234 |
| Topical term or geographic name as entry element | DERECHO COMPARADO |
| 650 #0 - SUBJECT ADDED ENTRY--TOPICAL TERM | |
| Topical term or geographic name as entry element | DEFENSA EN JUICIO |
| 9 (RLIN) | 586 |
| 650 #0 - SUBJECT ADDED ENTRY--TOPICAL TERM | |
| Topical term or geographic name as entry element | VÍCTIMA DEL DELITO |
| 9 (RLIN) | 3047 |
| 773 0# - HOST ITEM ENTRY | |
| Host Biblionumber | 2658 |
| Host Itemnumber | 3164 |
| Title | Revista de derecho penal y criminología. Nº 11 - Diciembre 2023 |
| Place, publisher, and date of publication | Ciudad Autónoma de Buenos Aires : Thomson Reuters La Ley, 2017- |
| International Standard Serial Number | 00347914 |
| 942 ## - ADDED ENTRY ELEMENTS (KOHA) | |
| Source of classification or shelving scheme | |
| Koha item type | Analítica Artículo de Revista |
No hay ítems disponibles.
